Readings in real estate investment analysis Volume 1 (Record no. 89052)

MARC details
000 -LEADER
fixed length control field 00495cam a2200181 4500
001 - CONTROL NUMBER
control field H7
008 - FIXED-LENGTH DATA ELEMENTS--GENERAL INFORMATION
fixed length control field 090401t1977 xxu||||| |||| 00| 0 eng d
035 ## - SYSTEM CONTROL NUMBER
System control number (Sirsi) u27118
041 ## - LANGUAGE CODE
Language code of text/sound track or separate title eng
050 ## - LIBRARY OF CONGRESS CALL NUMBER
Classification number 333.3320973
110 ## - MAIN ENTRY--CORPORATE NAME
Corporate name or jurisdiction name as entry element American Institute of Real Estate Appraisers
9 (RLIN) 3093
245 ## - TITLE STATEMENT
Title Readings in real estate investment analysis Volume 1
260 ## - PUBLICATION, DISTRIBUTION, ETC.
Place of publication, distribution, etc. Cambridge, Mass
Name of publisher, distributor, etc. Ballinger Publishing Company
Date of publication, distribution, etc. 1977
300 ## - PHYSICAL DESCRIPTION
Extent 252p 28cm
350 ## - PRICE (NR) (BK AM CF MU VM SE) [OBSOLETE]
Price 0
942 ## - ADDED ENTRY ELEMENTS (KOHA)
Suppress in OPAC 0
948 ## - LOCAL PROCESSING INFORMATION (OCLC); SERIES PART DESIGNATOR (RLIN)
c (OCLC) 04/03/1997
Holdings
Withdrawn status Lost status Source of classification or shelving scheme Damaged status Not for loan Home library Current library Shelving location Date acquired Total Checkouts Full call number Barcode Date last seen Date last checked out Copy number Price effective from Koha item type
    Dewey Decimal Classification     London London Books 13/08/1991 3 333.3320973 30002529 06/08/2019 26/08/2003 1 06/08/2019 Book